00593 a2200145 4500082001200000100001900012245007800031260003200109300003300141500009400174856005700268942002500325999001700350952008000367 aMS-IT-9 aMuhammad Abbas aTransformation of archetype-based EHR into semantic modelcMuhammad Abbas aIslamabadbNUST-SEECSc2012 a46p.b;ill.c;27cm.+eCD ROM aSupervisors: Dr. Khalid Latif, Dr. Sharifullah Khan, Dr. Farooq Ahmad, Mr. Muhammad Bilal uhttp://10.250.8.41:8080/xmlui/handle/123456789/10161 cPRkMS-IT-9 ABB2ddc c11333d11333 00104070aCLbCLl0oMS-IT-9 ABBpSEECSP01210r2012-11-14w2012-11-14yPR